มุมมองปกติ
มุมมองแบบ MARC
- หน้าที่พลเมือง
รายการ Topical Term
001 - CONTROL NUMBER
- control field: 22922
003 - CONTROL NUMBER IDENTIFIER
- control field: NALT
005 - DATE AND TIME OF LATEST TRANSACTION
- control field: 20171215132852.0
008 - FIXED-LENGTH DATA ELEMENTS
- fixed length control field: 171215|| aca||babn | a|a d
040 ## - CATALOGING SOURCE
- Original cataloging agency: NALT
150 ## - HEADING--TOPICAL TERM
- Topical term or geographic name entry element: หน้าที่พลเมือง
- General subdivision: การประชุม
